[Event "Moia op 8th"]
[Site "Moia"]
[Date "2019.11.22"]
[Round "8.12"]
[White "Mayo Rodriguez, Ramon"]
[Black "Basora Pascual, Pau"]
[Result "1-0"]
[WhiteElo "1559"]
[BlackElo "1611"]
[PlyCount "72"]
[EventDate "2019.09.20"]
[EventType "swiss"]
[EventRounds "8"]
[EventCountry "ESP"]
[SourceTitle "EXT 2024"]
[Source "ChessBase"]
[SourceDate "2023.10.10"]
[SourceVersion "1"]
[SourceVersionDate "2023.10.10"]
[SourceQuality "1"]

1. e4 c5 2. Nf3 d6 3. Nc3 a6 4. Bc4 Nf6 5. 0-0 b5 6. Bd5 Nxd5 7. exd5 Bb7 8. Ng5 Nd7 9. Re1 Nf6 10. Qf3 h6 11. Nge4 Nxe4 12. Nxe4 Bxd5 13. Nf6+ gxf6 14. Qxd5 e6 15. Qc6+ Ke7 16. b3 Bg7 17. Bb2 Qd7 18. Qd5 Rac8 19. f4 Qc6 20. Qf5 Rhg8 21. Re3 Bh8 22. Qh3 d5 23. Rae1 d4 24. Re4 Kd7 25. f5 e5 26. d3 Bg7 27. Qh5 Rcf8 28. Rg4 Ke7 29. Qh4 Bh8 30. Rxe5+ Kd6 31. Ree4 Rg5 32. Qxh6 Re8 33. Rxg5 Rxe4 34. dxe4 Qxe4 35. h3 Qe1+ 36. Kh2 Qe5+ 1-0